• 首页
  • 本馆介绍
  • 公告通知
  • 最新文献
  • 馆藏检索
  • 电子资源
  • 读者导购
  • 参考咨询
  • 我的图书馆
  • 登录
  • 详细信息显示
  • 放入我的书架
  • 预约/预借图书
  • 作者相关作品
  • 分类相关作品
  • 丛书相关作品
  • 出版社相关作品

书目信息

  • 表格格式
  • 工作单格式
  • 卡片格式
题名:
国防
    
 
作者: 王普丰 , 樊昊 著
分册:  
出版信息: 沈阳   辽宁少年儿童出版社  1991
页数: 154页
开本: 19cm
丛书名: 国情丛书
单 册:
中图分类: E25
科图分类:
主题词: 国防建设--中国 , 国防现代化--中国
电子资源:
ISBN: 7-5315-0913-X
000 00883nam2 2200289 450
001 0100366299
005 20160708104416.0
010    @a7-5315-0913-X@dCNY1.90
011    @a7-5315-0913-X
100    @a20021005d1991 em y0chiy0110 ea
101 0  @achi
102    @aCN@b210000
105    @ay z 000yy
106    @ar
200 1  @a国防@9Guo Fang @e巍峨长城@f王普丰,樊昊著@b专著
210    @a沈阳@c辽宁少年儿童出版社@d1991
215    @a154页@d19cm
225 2  @a国情丛书@f陶 铠,关家鹤主编
330    @a本书介绍了国防的由来、演变、发展及我国国防的现状,并从理论上探讨了如何建设有中国特色的现代化国防。
410  0 @12001 @a国情丛书
606 0  @a国防建设@y中国
606 0  @a国防现代化@y中国
690    @aE25@v3
701  0 @a王普丰@f(1936~)@9wang pu feng@4著
701  0 @a樊昊@f(1942~)@9fan hao@4著
801  0 @aCN@bAiZhiMarc@c19920410
905    @aBZT@dE25@e17@f1@sE25/17
    
    国防:巍峨长城/王普丰,樊昊著.-沈阳:辽宁少年儿童出版社,1991
    154页;19cm.-(国情丛书/陶 铠,关家鹤主编)
    
    
    ISBN 7-5315-0913-X:CNY1.90
    本书介绍了国防的由来、演变、发展及我国国防的现状,并从理论上探讨了如何建设有中国特色的现代化国防。
●
相关链接 在五车中查询图书 在当当中查询图书 在豆瓣中查询图书


正题名:国防     索取号:E25/17         预约/预借

序号 登录号 条形码 馆藏地/架位号 状态 备注
1 2000144109   2000144109   旧书回溯/ [索取号:E25/17] 在馆    
山东省滨州职业学院图书馆 欢迎您!
大连网信软件有限公司© 版权所有